000 00346 a2200157 4500
001 48971
020 _a8572722203
040 _cAnchieta - Bela Vista
100 _aMachado, Ana Maria
240 1 0 _aO menino e o maestro
_lpor
245 1 0 _aO menino e o maestro
300 _a46
362 0 _a2006
650 4 _aLiteratura juvenil
942 _cBK
999 _c48971
_d48971